Education in India: (Record no. 194207)
[ view plain ]
| 000 -LEADER | |
|---|---|
| fixed length control field | 00879nam a22002177a 4500 |
| 005 - DATE AND TIME OF LATEST TRANSACTION | |
| control field | 20250311123713.0 |
| 010 ## - LCCN (DPL NO) | |
| LC control number | B-746145-150 E.N.A./7.11.22 ENG-144049 |
| 020 ## - INTERNATIONAL STANDARD BOOK NUMBER | |
| International Standard Book Number | 9789390473151 |
| Terms of availability | 545.00 |
| 035 ## - SYSTEM CONTROL NUMBER | |
| System control number | B-746145-150 |
| 035 ## - SYSTEM CONTROL NUMBER | |
| System control number | EN-127581 |
| 037 ## - SOURCE OF ACQUISITION | |
| Source of stock number/acquisition | Academic Aspirations |
| 037 ## - SOURCE OF ACQUISITION | |
| Source of stock number/acquisition | DBAD |
| 082 ## - DEWEY DECIMAL CLASSIFICATION NUMBER | |
| Classification number | 370.954 |
| 100 ## - MAIN ENTRY--PERSONAL NAME | |
| Personal name | Rajmouly, Chandra Prathap |
| 245 ## - TITLE STATEMENT | |
| Title | Education in India: |
| Remainder of title | Policy and Practice/ |
| Statement of responsibility, etc | Prathap Chandra Rajmouly |
| 260 ## - PUBLICATION, DISTRIBUTION, ETC. (IMPRINT) | |
| Place of publication, distribution, etc | New Delhi |
| Name of publisher, distributor, etc | Academic Aspirations |
| Date of publication, distribution, etc | 2022 |
| 270 ## - ADDRESS | |
| Address | 4740/23, Ansari Road, Daryaganj |
| City | New Delhi |
| Postal code | 110002 |
| Telephone number | 91-11-23267924 |
| 300 ## - PHYSICAL DESCRIPTION | |
| Extent | viii, 320p. |
| Dimensions | 24cm(pb) |
| 942 ## - ADDED ENTRY ELEMENTS (KOHA) | |
| Source of classification or shelving scheme | Dewey Decimal Classification |
| Item type | English Books |
| Call number suffix | RAJ |
| Classification part | 370.954 |
| Withdrawn status | Lost status | Not for loan | Collection code | Home library | Current library | Date acquired | Source of acquisition | Cost, normal purchase price | Full call number | Barcode | Copy number | Cost, replacement price | Koha item type |
|---|---|---|---|---|---|---|---|---|---|---|---|---|---|
| Non-fiction | Ashok Vihar | Ashok Vihar | 01/02/2023 | Academic Aspiration/IN-00162/19.11.22/144/28.11.22/30.11.22 | 545.00 | 370.954 RAJ | B-746146 | 1 | 545.00 | English Books | |||
| Non-fiction | Bawana | Bawana | 01/02/2023 | Academic Aspiration/IN-00162/19.11.22/144/28.11.22/30.11.22 | 545.00 | 370.954 RAJ | B-746149 | 1 | 545.00 | English Books | |||
| Non-fiction | Central Library | Central Library | 01/02/2023 | Academic Aspiration/IN-00162/19.11.22/144/28.11.22/30.11.22 | 545.00 | 370.954 RAJ | B-746145 | 1 | 545.00 | English Books | |||
| Non-fiction | Kasturba Gandhi Marg | Kasturba Gandhi Marg | 11/03/2025 | DBAD | 545.00 | RAJ 370.954 | EN-127581 | 1 | 545.00 | English Books | |||
| Non-fiction | Patel Nagar | Patel Nagar | 01/02/2023 | Academic Aspiration/IN-00162/19.11.22/144/28.11.22/30.11.22 | 545.00 | 370.954 RAJ | B-746147 | 1 | 545.00 | English Books | |||
| Non-fiction | Sarojini Nagar | Sarojini Nagar | 01/02/2023 | Academic Aspiration/IN-00162/19.11.22/144/28.11.22/30.11.22 | 545.00 | 370.954 RAJ | B-746148 | 1 | 545.00 | English Books | |||
| Non-fiction | Shahdara Branch | Shahdara Branch | 01/02/2023 | Academic Aspiration/IN-00162/19.11.22/144/28.11.22/30.11.22 | 545.00 | 370.954 RAJ | B-746150 | 1 | 545.00 | English Books |
